Valtiot, joiden nimessä on Ä - Statistics

Yleistilastot
  • Tätä visaa on pelattu 2 107 kertaa
  • Keskiarvotulos 5 / 8
Vastaustilastot
valtio % Oikein
Venäjä
81%
Etelä-Korea
78%
Etelä-Afrikka
76%
Etelä-Sudan
71%
Itä-Timor
68%
Valko-Venäjä
67%
Itävalta
63%
Päiväntasaajan Guinea
45%
Ehtoja vastaavia visoja ei löytynyt
Tulosjakauma
Jokaisen tuloksen saaneiden osuus
Persentiili vastausten määrän mukaan
Tuloshistoriasi
Et ole pelannut tätä visaa